Statystyki dla Państwa z największymi wyłącznymi strefami ekonomicznymi

Kliknij tutaj aby rozwiązać quiz!

Ogólne statystyki

  • Ten quiz został rozwiązany 9 343 razy
  • Średni wynik to 14 z 20

Statystyki odpowiedzi

km2Kraj% Poprawnych
11 351 000Stany Zjednoczone
98%
7 567 000Rosja
96%
5 599 000Kanada
93%
3 661 000Brazylia
89%
8 505 000Australia
87%
2 305 000Indie
86%
4 479 000Japonia
86%
6 806 000Wielka Brytania
84%
11 692 000Francja
82%
3 269 000Meksyk
81%
6 159 000Indonezja
75%
2 385 000Norwegia
72%
3 682 000Chile
71%
4 084 000Nowa Zelandia
69%
2 551 000Dania
64%
1 727 000Portugalia
56%
2 402 000Papua-Nowa Gwinea
29%
2 996 000Mikronezja
25%
3 442 000Kiribati
24%
1 991 000Wyspy Marshalla
18%

Rozkład punktacji

Percentyl według liczby udzielonych odpowiedzi

Procent ludzi z każdym wynikiem

Twoja historia wyników

Nie rozwiązałeś tego quizu